000 00345nam a22001337a 4500
020 _a0-340-89463-6
082 _a823
_bBLY/F
100 _aENID BLYTON
245 _aTHE FAMOUS FIVE
_bFIVE ON A HIKE TOGETHER
260 _aGREAT BRITAIN
_bHODDER CHILDRENS BOOKS
_c2004
300 _a245
650 _aCHILDRENS STORY BOOK
_zUNITED KINGDOM
942 _cBK
999 _c641
_d641